Loading...
| History - American | 0 | 3 | 0 | 0 | 30 | 61 | 69.67 | 0 | 0 | 7.10 | 11.90 |
| Social Science | 0 | 2 | 0 | 0 | 20 | 49 | 72.50 | 1 | 1 | 6.67 | 13.89 |
| Science - Biology | 0 | 2 | 0 | 1 | 20 | 73 | 89.00 | 0 | 1 | 3.29 | 7.44 |
| History - Other | 0 | 1 | 0 | 1 | 10 | 114 | 114.00 | 0 | 0 | 0.00 | 1.04 |
| Literature - European | 0 | 1 | 0 | 0 | 10 | 96 | 96.00 | 0 | 0 | 1.78 | 5.21 |
| Fine Arts - Classical Music | 0 | 1 | 0 | 0 | 10 | 126 | 126.00 | 0 | 0 | 0.44 | 1.19 |
| Geography | 0 | 2 | 2 | 0 | 10 | 65 | 73.50 | 0 | 0 | 11.92 | 16.67 |
| History - European | 0 | 1 | 0 | 1 | 10 | 65 | 65.00 | 0 | 0 | 2.63 | 2.08 |
| Painting/Sculpture | 0 | 1 | 0 | 0 | 10 | 72 | 72.00 | 0 | 0 | 2.73 | 4.76 |
| Philosophy | 0 | 1 | 0 | 0 | 10 | 79 | 79.00 | 0 | 0 | 2.42 | 3.13 |
| Pop Culture | 0 | 1 | 0 | 1 | 10 | 110 | 110.00 | 0 | 0 | 0.00 | 2.38 |
| Science - Chemistry | 0 | 1 | 0 | 0 | 10 | 80 | 80.00 | 0 | 0 | 2.43 | 2.38 |
| Science - Other | 0 | 1 | 1 | 0 | 5 | 48 | 48.00 | 0 | 1 | 4.52 | 7.14 |
| Religion | 0 | 0 | 0 | 0 | 0 | 0.00 | 0 | 0 | 0.00 | 0.00 | |
| Literature - British | 0 | 0 | 0 | 0 | 0 | 0.00 | 0 | 0 | 0.00 | 0.00 | |
| Literature - World | 0 | 0 | 1 | 0 | -5 | 0.00 | 0 | 0 | 0.00 | 0.00 | |
| Literature - American | 0 | 0 | 1 | 0 | -5 | 0.00 | 0 | 0 | 0.00 | 0.00 |